3. Trienále Exlibris Bratislava 2001 medzinárodná súťaž

Bibliographic Details
Corporate Authors: Trienále exlibris Bratislava, Slovensko (Author), Galéria mesta Bratislavy (Author)
Other Authors: Panenka, Ivan, 1934-2013 (Author of dialog), Grach-Scherer, Marcel (Translator)
Format: Conference Proceeding Book
Language:Slovak
PhysicalDescription:120 s. fotogr. 16 cm
Published: Senica RECO 2001
ISBN:8096779893
Subjects:

MARC

LEADER 00000nam a2200000 a 4500
001 vtls001432278
003 SK-MaSNL
005 20260425234019.0
008 251023s2001 xo ab r y 0 slo
015 |a SNBE2002/04-02116 
020 |a 8096779893 
035 |a SNK000387335 
040 |a SNK  |b slo  |c SNK  |e AACR2 
041 0 |a slo 
044 |a xo  |c SK 
080 |a 097:061.4(083.9)"2001"=854=20  |2 1981 
111 2 |a Trienále exlibris  |n (3. :  |d 2001 :  |c Bratislava, Slovensko)  |4 aut  |9 33425 
245 1 |a 3. Trienále Exlibris Bratislava 2001  |b medzinárodná súťaž  |c kurátor výstavy: Ivan Panenka ; preklad: Marcel Grach-Scherer 
246 1 0 |a 3rd. Triennial of Exlibris Bratislava 2001 
246 1 1 |a 3rd. Triennial of Exlibris Bratislava 2001 
246 1 3 |a Tretie Trienále Exlibris Bratislava 2001 
260 |a Senica  |b RECO  |c 2001 
300 |a 120 s.  |b fotogr.  |c 16 cm 
500 |a Súbež. text angl. 
610 2 7 |a Galéria mesta Bratislavy  |2 SNKKA  |9 32177 
611 2 7 |a Trienále exlibris  |n (3. :  |d 2001 :  |c Bratislava, Slovensko)  |x výstavy  |x katalógy  |2 SNK  |9 506584 
650 0 7 |a exlibrisy  |x výstavy  |z Bratislava (Slovensko)  |y 2001  |x katalógy  |2 SNK  |9 506585 
651 7 |a Bratislava (Slovensko)  |2 SNK  |9 14568 
655 7 |a katalógy výstav  |2 SNK  |9 70445 
700 1 |a Panenka, Ivan,  |d 1934-2013  |4 aud  |9 133501 
700 1 |a Grach-Scherer, Marcel  |4 trl  |9 43964 
710 2 |a Galéria mesta Bratislavy  |4 aut  |9 32177 
919 |a 80-967798-9-3 
958 |a TL 
999 |c 782092  |d 784022 
952 |t P60, <03>, [BOOK], {603}  |a SNK  |b SNK  |y PREZ  |7 0  |p 17A0340146  |o snkOSD 8600  |i snkKSP 4363/2002  |0 0  |1 0  |4 0  |d 2002-04-16  |l 0  |r 2005-01-02 00:00:00  |w 2026-02-24 
952 |a SNK  |b SNK  |y VYP  |7 0  |p 17A0461130  |o snkOSD 8600 D1  |i snk2005/4233  |8 1  |0 0  |1 0  |4 0  |d 2005-03-18  |l 0  |r 2026-02-24 01:08:18  |w 2026-02-24